LIBRARY & INFORMATION CENTRE, KCAET, TAVANUR

ONLINE PUBLIC ACCESS CATALOGUE (OPAC)

Power Plant Engineering | Theory and Practice of Stationery Electric Generating Plants (Record no. 18609)

MARC details
000 -LEADER
fixed length control field 00430nam a22001457a 4500
003 - CONTROL NUMBER IDENTIFIER
control field OSt
008 - FIXED-LENGTH DATA ELEMENTS--GENERAL INFORMATION
fixed length control field 241216b |||||||| |||| 00| 0 eng d
041 ## - LANGUAGE CODE
Language code of text/sound track or separate title eng
082 ## - DEWEY DECIMAL CLASSIFICATION NUMBER
Classification number 621.3121 MOR/PO
100 ## - MAIN ENTRY--AUTHOR NAME
Personal name Morse, Frederick T
245 ## - TITLE STATEMENT
Title Power Plant Engineering
Remainder of title Theory and Practice of Stationery Electric Generating Plants
260 ## - PUBLICATION, DISTRIBUTION, ETC. (IMPRINT)
Place of publication New Delhi :
Name of publisher Affliated East West Press Pvt Ltd,
Year of publication 1932
300 ## - PHYSICAL DESCRIPTION
Number of Pages 687p.
942 ## - ADDED ENTRY ELEMENTS (KOHA)
Koha item type Books
Holdings
Withdrawn status Lost status Damaged status Home library Current library Date acquired Cost, normal purchase price Full call number Accession Number Koha item type
Withdrawn     KAUAET KAUAET 16/12/2024 15.00 621.3121 MOR/PO 10853 Books
free website counter